000 00600nam a2200181Ia 4500
008 090124s9999 xx 000 0 und d
082 _b120314
100 _aनान्सोलकर हरगोविंद
245 _a एक गिधाड एक डाकू
250 _a1
260 _c1984
300 _a444
600 _aनान्सोलकर हरगोविंद
630 _a एक गिधाड एक डाकू
700 _aनान्सोलकर हरगोविंद
730 _a एक गिधाड एक डाकू
942 _cBOOK
999 _c166400
_d166400